000 00465nam a2200169Ia 4500
008 180921t2017 xxu||||| |||| 00| 0 sin d
041 _asin
080 _a294.3
_bCHA
100 _aChandavimala himi, Rerukane
245 _aපොහොය දිනය
246 _aPohoya Dinaya
260 _bChandavimala Dharmapustaka Sanrakshana Mandalaya
_aPokunuvita
_c2017
300 _b160p, 22cm
942 _cBK
999 _c984
_d984
003 LK-CoDNM
040 _aLK-CoDNM
_dLK-CoDNM
_eLK-CoDNM